<?xml version="1.0" encoding="UTF-8"?>
<record
    xmlns:xsi="http://www.w3.org/2001/XMLSchema-instance"
    xsi:schemaLocation="http://www.loc.gov/MARC21/slim http://www.loc.gov/standards/marcxml/schema/MARC21slim.xsd"
    xmlns="http://www.loc.gov/MARC21/slim">

  <leader>03715nam a2200565 u 4500</leader>
  <controlfield tag="001">1160075</controlfield>
  <controlfield tag="005">20260507114327.0</controlfield>
  <controlfield tag="007">co|||||||</controlfield>
  <controlfield tag="008">090805s2009                        spa  </controlfield>
  <datafield tag="035" ind1=" " ind2=" ">
    <subfield code="a">1160075</subfield>
  </datafield>
  <datafield tag="040" ind1=" " ind2=" ">
    <subfield code="c">comduadb</subfield>
  </datafield>
  <datafield tag="041" ind1=" " ind2=" ">
    <subfield code="a">spa</subfield>
  </datafield>
  <datafield tag="082" ind1=" " ind2="4">
    <subfield code="a">302</subfield>
  </datafield>
  <datafield tag="100" ind1="1" ind2="0">
    <subfield code="a">Metaute Zapata, Adriana Marcela</subfield>
    <subfield code="4">aut</subfield>
    <subfield code="e">aut</subfield>
    <subfield code="9">572082</subfield>
  </datafield>
  <datafield tag="245" ind1="1" ind2="0">
    <subfield code="a">Representaciones psiquicas y dinamica grupal con sujetos en situacion de desplazamiento en la ciudad de Medellin 2004</subfield>
  </datafield>
  <datafield tag="260" ind1=" " ind2=" ">
    <subfield code="a">Medell&#xED;n :</subfield>
    <subfield code="b">[sin publicador],</subfield>
    <subfield code="c">2009.</subfield>
  </datafield>
  <datafield tag="300" ind1=" " ind2=" ">
    <subfield code="a">1 CD-ROM</subfield>
  </datafield>
  <datafield tag="520" ind1="3" ind2=" ">
    <subfield code="a">Este trabajo se desarrolla a partir de la experiencia realizada  con mujeres y j&#xF3;venes desplazados  asentados en la ciudad de Medell&#xED;n. 
Al inicio del trabajo se plantea una recopilaci&#xF3;n de conceptos y autores que permitieron observar  las representaciones y  din&#xE1;micas grupales surgidas  a causa del desplazamiento forzado.
Posteriormente se desarrolla una descripci&#xF3;n y an&#xE1;lisis de los grupos, su contexto, las herramientas y t&#xE9;cnicas utilizadas y finalmente  una descripci&#xF3;n de los hallazgos realizados.
En los anexos podremos observar un registro fotogr&#xE1;fico de la experiencia y un resumen de los talleres realizados.
La diferencia generacional en los grupos observados posibilit&#xF3;  un an&#xE1;lisis comparativo de las  herramientas de afrontamiento,  las representaciones individuales y colectivas y   las estrategias  de inclusi&#xF3;n en el nuevo entorno. 
Esta investigaci&#xF3;n reflexiona sobre   el impacto de la situaci&#xF3;n de desplazamiento en las redes sociales y comunitarias reflejado en la din&#xE1;mica grupal con desplazados, las relaciones obj&#xE9;tales emergentes en las interacciones de los miembros de los grupos con los cuales se trabaj&#xF3;, la reorganizaci&#xF3;n colectiva e individual, a trav&#xE9;s del trabajo grupal y  el lugar del psic&#xF3;logo frente a las demandas actuales de la realidad social.
El trabajo grupal se convierte en una alternativa de intervenci&#xF3;n, POR que posibilita una mayor cobertura de la poblaci&#xF3;n y permite tratar problemas o conflictos similares, PROMUEVE el reconocimiento de causas y la creaci&#xF3;n conjunta de alternativas, PERMITE COMPARTIR LAS VIVENCIAS Y NOMBRARLAS FACILITANDO LA RESIGNIFICACION de dichas experiencias a nivel individual y colectivo. El trabajo grupal MOVILIZA una transformaci&#xF3;n no solo del individuo sino del entorno que este habita.</subfield>
  </datafield>
  <datafield tag="650" ind1=" " ind2="7">
    <subfield code="a">Psicolog&#xED;a social</subfield>
    <subfield code="2">lemb</subfield>
    <subfield code="9">127</subfield>
  </datafield>
  <datafield tag="650" ind1=" " ind2=" ">
    <subfield code="a">Atencion psicologica</subfield>
    <subfield code="9">48861</subfield>
  </datafield>
  <datafield tag="650" ind1=" " ind2=" ">
    <subfield code="a">Trauma ps&#xED;quico</subfield>
    <subfield code="9">82173</subfield>
  </datafield>
  <datafield tag="650" ind1=" " ind2=" ">
    <subfield code="a">Psicolog&#xED;a din&#xE1;mica</subfield>
    <subfield code="9">63281</subfield>
  </datafield>
  <datafield tag="650" ind1=" " ind2=" ">
    <subfield code="a">Yo (Psicoan&#xE1;lisis)</subfield>
    <subfield code="9">148638</subfield>
  </datafield>
  <datafield tag="650" ind1=" " ind2=" ">
    <subfield code="a">Identificacion (Psicolog&#xED;a)</subfield>
    <subfield code="9">51151</subfield>
  </datafield>
  <datafield tag="650" ind1=" " ind2=" ">
    <subfield code="a">V&#xED;nculo emocional</subfield>
    <subfield code="9">181859</subfield>
  </datafield>
  <datafield tag="650" ind1=" " ind2=" ">
    <subfield code="a">Rol</subfield>
    <subfield code="9">21971</subfield>
  </datafield>
  <datafield tag="650" ind1=" " ind2="7">
    <subfield code="a">P&#xE9;rdida (Psicolog&#xED;a)</subfield>
    <subfield code="2">lemb</subfield>
    <subfield code="9">19670</subfield>
  </datafield>
  <datafield tag="650" ind1=" " ind2=" ">
    <subfield code="a">Duelo (Psicolog&#xED;a)</subfield>
    <subfield code="9">51569</subfield>
  </datafield>
  <datafield tag="650" ind1=" " ind2="7">
    <subfield code="a">Miedo</subfield>
    <subfield code="2">lemb</subfield>
    <subfield code="9">46</subfield>
  </datafield>
  <datafield tag="650" ind1=" " ind2=" ">
    <subfield code="a">Ruptura</subfield>
    <subfield code="9">107847</subfield>
  </datafield>
  <datafield tag="650" ind1=" " ind2="7">
    <subfield code="a">Autoestima</subfield>
    <subfield code="2">lemb</subfield>
    <subfield code="9">32643</subfield>
  </datafield>
  <datafield tag="650" ind1=" " ind2="7">
    <subfield code="a">Conflicto armado</subfield>
    <subfield code="2">lemb</subfield>
    <subfield code="9">51377</subfield>
  </datafield>
  <datafield tag="650" ind1=" " ind2=" ">
    <subfield code="a">Desplazados</subfield>
    <subfield code="9">15474</subfield>
  </datafield>
  <datafield tag="650" ind1=" " ind2="7">
    <subfield code="a">Desplazamiento forzado</subfield>
    <subfield code="2">lemb</subfield>
    <subfield code="9">68119</subfield>
  </datafield>
  <datafield tag="650" ind1=" " ind2="7">
    <subfield code="a">Relaci&#xF3;n objetal (Psicoan&#xE1;lisis)</subfield>
    <subfield code="2">embne</subfield>
    <subfield code="9">56686</subfield>
  </datafield>
  <datafield tag="650" ind1=" " ind2="7">
    <subfield code="a">Atenci&#xF3;n psicosocial</subfield>
    <subfield code="2"></subfield>
    <subfield code="9">100356</subfield>
  </datafield>
  <datafield tag="650" ind1=" " ind2="7">
    <subfield code="a">Representaciones sociales</subfield>
    <subfield code="2">armarc</subfield>
    <subfield code="9">72358</subfield>
  </datafield>
  <datafield tag="650" ind1=" " ind2=" ">
    <subfield code="a">Si mismo</subfield>
    <subfield code="9">108186</subfield>
  </datafield>
  <datafield tag="650" ind1=" " ind2="7">
    <subfield code="a">Estigmatizaci&#xF3;n</subfield>
    <subfield code="2">lemb</subfield>
    <subfield code="9">69692</subfield>
  </datafield>
  <datafield tag="650" ind1=" " ind2=" ">
    <subfield code="a">Afrontamiento (Psicolog&#xED;a)</subfield>
    <subfield code="9">41558</subfield>
  </datafield>
  <datafield tag="650" ind1=" " ind2=" ">
    <subfield code="a">Desplazados - Medell&#xED;n (Antioquia, Colombia)</subfield>
    <subfield code="9">155598</subfield>
  </datafield>
  <datafield tag="650" ind1=" " ind2=" ">
    <subfield code="a">J&#xF3;venes desplazados</subfield>
    <subfield code="9">159383</subfield>
  </datafield>
  <datafield tag="650" ind1=" " ind2=" ">
    <subfield code="a">Mujeres desplazadas</subfield>
    <subfield code="9">126624</subfield>
  </datafield>
  <datafield tag="650" ind1=" " ind2=" ">
    <subfield code="a">Terapia grupal</subfield>
    <subfield code="9">150578</subfield>
  </datafield>
  <datafield tag="650" ind1=" " ind2="7">
    <subfield code="a">Teor&#xED;a de los grupos</subfield>
    <subfield code="2">lemb</subfield>
    <subfield code="9">10642</subfield>
  </datafield>
  <datafield tag="700" ind1="1" ind2="0">
    <subfield code="a">Vanegas Osorio, Jorge Humberto</subfield>
    <subfield code="4">ths</subfield>
    <subfield code="e">ths</subfield>
    <subfield code="9">261239</subfield>
  </datafield>
  <datafield tag="942" ind1=" " ind2=" ">
    <subfield code="c">TESIS</subfield>
  </datafield>
  <datafield tag="999" ind1=" " ind2=" ">
    <subfield code="c">514977</subfield>
    <subfield code="d">514977</subfield>
  </datafield>
  <datafield tag="502" ind1=" " ind2=" ">
    <subfield code="b">105</subfield>
    <subfield code="c">12</subfield>
  </datafield>
  <datafield tag="526" ind1=" " ind2=" ">
    <subfield code="a">106</subfield>
  </datafield>
  <datafield tag="952" ind1=" " ind2=" ">
    <subfield code="0">0</subfield>
    <subfield code="1">0</subfield>
    <subfield code="4">0</subfield>
    <subfield code="7">0</subfield>
    <subfield code="8">TESDIGBC</subfield>
    <subfield code="a">BC</subfield>
    <subfield code="b">BC</subfield>
    <subfield code="d">2009-08-05</subfield>
    <subfield code="e">Material adquirido por donaci&#xF3;n</subfield>
    <subfield code="i">C1060319</subfield>
    <subfield code="l">0</subfield>
    <subfield code="o">302 M587 CD-ROM</subfield>
    <subfield code="p">0692870</subfield>
    <subfield code="r">2023-04-29 00:00:00</subfield>
    <subfield code="t">1</subfield>
    <subfield code="w">2023-04-29</subfield>
    <subfield code="y">DIGITAL</subfield>
  </datafield>
  <datafield tag="952" ind1=" " ind2=" ">
    <subfield code="0">0</subfield>
    <subfield code="1">0</subfield>
    <subfield code="4">0</subfield>
    <subfield code="7">0</subfield>
    <subfield code="8">DIGITAL</subfield>
    <subfield code="a">CISH</subfield>
    <subfield code="b">CISH</subfield>
    <subfield code="d">2009-08-12</subfield>
    <subfield code="i">C1061445</subfield>
    <subfield code="l">0</subfield>
    <subfield code="o">T/CD-07425</subfield>
    <subfield code="p">0623731</subfield>
    <subfield code="r">2023-04-29 00:00:00</subfield>
    <subfield code="t">2</subfield>
    <subfield code="w">2023-04-29</subfield>
    <subfield code="y">DIGITAL</subfield>
  </datafield>
</record>
